Statistics for National Animal to Country - Multiple Choice

Click here to take the quiz!

General Stats

  • This quiz has been taken 491 times
  • The average score is 10 of 15

Answer Stats

QuestionAnswer% Correct
Which of these is the national animal of the USA?
95%
Which of these is a national animal of China?
95%
Which of these is the national animal of Bangladesh?
89%
Which of these is the national animal of New Zealand?
87%
Which of these is the national animal of France?
83%
Which of these is the national animal of Scotland?
78%
Which of these is the national animal of Peru?
77%
Which of these is the national animal of Australia?
75%
Which of these is the national animal of Thailand?
75%
Which of these is the national animal of South Africa?
61%
Which of these is the national animal of Indonesia?
61%
Which of these is the national animal of Canada?
55%
Which of these is the national animal of Algeria?
48%
Which of these is the national animal of Pakistan?
37%
Which of these is the national animal of Tanzania?
20%

Score Distribution

Percentile by Number Answered

Percent of People with Each Score

Your Score History

You have not taken this quiz